000 00291nam a2200133Ia 4500
008 231129s1963||||xx |||||||||||||| ||spa||
040 _bspa
082 _aE863 G878t
100 _aGrosso Alfonso
245 0 _aTesta de copo
260 _c1963
264 _aSeix Barral
942 _2ddc
_cBKS
999 _c25314
_d25314